|
|
|
|
| LEADER |
00000nas a2200000 a 4500 |
| 001 |
ssj0001919 |
| 003 |
WaSeSS |
| 005 |
20200512172242.0 |
| 006 |
m d |
| 007 |
cr n |
| 008 |
020910c19839999iluqr sso 0 a0eng c |
| 010 |
|
|
|a 2004235615
|
| 016 |
7 |
|
|a 2068484-8
|2 DE-600
|
| 022 |
|
|
|a 1945-2349
|l 0734-4392
|y 0734-4392
|
| 035 |
|
|
|a (WaSeSS)ssj0001919
|
| 037 |
|
|
|b University of Illinois Press, 1325 South Oak Street, Champaign, IL 61820-6903
|
| 040 |
|
|
|a BUF
|b eng
|c BUF
|d OCLCQ
|d WAU
|d EYM
|d HLS
|d OCLCQ
|d OCL
|d OCLCQ
|d NSD
|d OCLCQ
|d DLC
|d OCLCQ
|d OCLCF
|d OCLCO
|d OCL
|d OCLCO
|d VT2
|d OCLCQ
|d DEBBG
|d GILDS
|d OCLCO
|d WaSeSS
|
| 042 |
|
|
|a pcc
|a nsdp
|
| 043 |
|
|
|a n-us---
|
| 050 |
1 |
4 |
|a ML1
|
| 082 |
1 |
0 |
|a 781
|2 14
|
| 130 |
0 |
|
|a American music (Champaign, Ill. : Online)
|
| 222 |
|
0 |
|a American music
|b (Champaign, Ill. : Online)
|
| 245 |
1 |
0 |
|a American music
|h [electronic resource].
|
| 260 |
|
|
|a Champaign, Ill. :
|b Sonneck Society and the University of Illinois Press
|
| 310 |
|
|
|a Quarterly
|
| 362 |
0 |
|
|a Vol. 1, no. 1 (spring 1983)-
|
| 500 |
|
|
|a Title from PCI general information screen (viewed Sept. 10, 2002).
|
| 500 |
|
|
|a Published by: Sonneck Society and the University of Illinois Press, 1983-spring 1999; Society for American Music and the University of Illinois Press, summer 1999-2006; University of Illinois Press, 2007-
|
| 506 |
|
|
|a License restrictions may limit access.
|
| 588 |
|
|
|a Latest issue consulted: Vol. 26, no. 3 (fall 2008) (Univ. of Illinois Press, viewed Jan. 15, 2008).
|
| 650 |
|
0 |
|a Music
|z United States
|x History and criticism
|v Periodicals.
|
| 650 |
|
0 |
|a Music
|z United States
|v Periodicals.
|
| 650 |
|
7 |
|a Music
|2 fast
|0 (OCoLC)fst01030269
|
| 651 |
|
7 |
|a United States.
|2 fast
|0 (OCoLC)fst01204155
|
| 655 |
|
0 |
|a Electronic journals.
|
| 710 |
2 |
|
|a Sonneck Society.
|
| 710 |
2 |
|
|a Society for American Music.
|
| 776 |
0 |
8 |
|i Print version:
|t American music (Champaign, Ill.)
|x 0734-4392
|w (DLC) 83643978
|w (OCoLC)8741667
|
| 856 |
4 |
0 |
|z Full text available from Research Library: 10/01/1997 to 12/31/2001
|u https://search.proquest.com/publication/4417
|